[Event "XIX Najdorf Memorial 2019"]
[Site "Warsaw"]
[Date "2019.07.10"]
[Round "5.3"]
[White "Jarmula, Lukasz"]
[Black "Szustakowski, Antoni"]
[Result "1-0"]
[WhiteElo "2480"]
[BlackElo "2279"]
[Annotator "ChessBase"]
[PlyCount "81"]
[EventDate "2019.07.06"]
[EventType "swiss"]
[EventCountry "POL"]
[SourceTitle "playchess.com"]
[Source "ChessBase"]
[SourceQuality "1"]
[TimeControl "40/5400+30:1800+30"]

1. d4 {[%emt 0:00:00]} d5 {[%emt 0:00:00]} 2. c4 {[%emt 0:00:00]} e6 {[%emt 0:00:00]} 3. Nf3 {[%emt 0:00:00]} c6 {[%emt 0:00:00]} 4. e3 {[%emt 0:00:12]} Nf6 {[%emt 0:00:00]} 5. Nc3 {[%emt 0:00:58]} a6 {[%emt 0:00:00]} 6. c5 Nbd7 7. Bd2 b6 8. cxb6 {[%emt 0:09:33]} Nxb6 9. Bd3 c5 10. O-O Bb7 11. Qe2 cxd4 12. exd4 Bd6 13. Ne5 O-O 14. Bg5 Be7 15. Rac1 a5 16. Nb5 h6 17. Bf4 Nc4 18. Nxc4 dxc4 19. Bxc4 Rc8 20. Be5 Qb6 21. a4 Rfd8 22. b3 Bc6 23. Rfd1 Qb7 24. f3 Qb6 25. Kh1 Nd7 26. Bg3 Nf8 27. Bf2 Qb8 28. Be1 Qa8 29. Bg3 Rd7 30. Bd3 Bxb5 31. axb5 Rxc1 32. Rxc1 Rxd4 33. Bf2 Rd8 34. Be4 Qb8 35. b6 Bg5 36. Rd1 f5 37. Bc6 Rc8 38. Qb5 Bf4 39. g3 Bd6 40. b7 Rd8 41. Bb6 1-0

[Event "XIX Najdorf Memorial 2019"]
[Site "Warsaw"]
[Date "2019.07.10"]
[Round "5.4"]
[White "Noe, Christopher"]
[Black "Jakubowski, Krzysztof"]
[Result "1-0"]
[WhiteElo "2534"]
[BlackElo "2528"]
[Annotator "ChessBase"]
[PlyCount "83"]
[EventDate "2019.07.06"]
[EventType "swiss"]
[EventCountry "POL"]
[SourceTitle "playchess.com"]
[Source "ChessBase"]
[SourceQuality "1"]
[TimeControl "40/5400+30:1800+30"]

1. d4 {[%emt 0:00:00]} Nf6 {[%emt 0:00:00]} 2. c4 {[%emt 0:00:00]} e6 {[%emt 0:00:00]} 3. Nf3 {[%emt 0:00:00]} d5 {[%emt 0:00:24]} 4. Nc3 {[%emt 0:00:00]} Nbd7 {[%emt 0:00:05]} 5. e3 {[%emt 0:00:00]} a6 {[%emt 0:00:19]} 6. c5 {[%emt 0:07:19]} c6 {[%emt 0:13:15]} 7. b4 {[%emt 0:01:39]} g6 {[%emt 0:01:43]} 8. Bb2 {[%emt 0:02:01]} Bg7 {[%emt 0:00:15]} 9. Be2 {[%emt 0:01:11]} O-O {[%emt 0:00:17]} 10. O-O {[%emt 0:06:11]} Qe7 {[%emt 0:07:03]} 11. a4 {[%emt 0:20:59]} Rd8 {[%emt 0:15:06]} 12. b5 {[%emt 0:08:08]} a5 {[%emt 0:01:17]} 13. Nd2 {[%emt 0:01:09]} e5 {[%emt 0:00:19]} 14. Nb3 {[%emt 0:06:44]} e4 {[%emt 0:00:14]} 15. Nb1 {[%emt 0:02:02]} h5 {[%emt 0:08:57]} 16. Bc3 {[%emt 0:00:51]} Nf8 {[%emt 0:00:06]} 17. Bxa5 {[%emt 0:00:58]} Re8 {[%emt 0:00:17]} 18. Bb6 {[%emt 0:02:20]} Bf5 {[%emt 0:05:07]} 19. a5 {[%emt 0:00:46]} cxb5 {[%emt 0:00:27]} 20. Nc3 {[%emt 0:00:25]} Ne6 {[%emt 0:00:29]} 21. Nxb5 {[%emt 0:00:18]} Ng4 {[%emt 0:00:19]} 22. Nd6 {[%emt 0:02:24]} Bh6 {[%emt 0:02:14]} 23. h3 {[%emt 0:09:41]} Qg5 {[%emt 0:13:37]} 24. hxg4 {[%emt 0:11:32]} hxg4 {[%emt 0:00:14]} 25. Bb5 {[%emt 0:00:27]} Re7 {[%emt 0:10:01]} 26. Re1 {[%emt 0:10:12]} g3 {[%emt 0:04:18]} 27. Qd2 {[%emt 0:02:24]} gxf2+ {[%emt 0:09:46]} 28. Qxf2 {[%emt 0:00:05]} Bh3 {[%emt 0:00:15]} 29. Kf1 {[%emt 0:00:45]} Bg4 {[%emt 0:00:22]} 30. Be2 {[%emt 0:02:47]} f5 {[%emt 0:00:16]} 31. Bxg4 {[%emt 0:01:08]} fxg4 {[%emt 0:00:06]} 32. Qg3 {[%emt 0:00:38]} Ng7 {[%emt 0:00:06]} 33. Ke2 {[%emt 0:00:36]} Nh5 {[%emt 0:00:20]} 34. Qf2 {[%emt 0:00:01]} g3 {[%emt 0:01:03]} 35. Qg1 {[%emt 0:00:01]} Rf8 {[%emt 0:00:05]} 36. Kd2 {[%emt 0:00:22]} Rf2+ {[%emt 0:00:39]} 37. Kc3 {[%emt 0:00:01]} Nf4 {[%emt 0:00:30]} 38. exf4 {[%emt 0:00:38]} Qxf4 {[%emt 0:00:19]} 39. a6 {[%emt 0:01:26]} bxa6 {[%emt 0:00:45]} 40. Qh1 {[%emt 0:00:00]} e3 {[%emt 0:00:00]} 41. Bd8 {[%emt 0:06:22]} Re6 {[%emt 0:20:51]} 42. Qh3 {[%emt 0:03:35]} 1-0

[Event "XIX Najdorf Memorial 2019"]
[Site "Warsaw"]
[Date "2019.07.10"]
[Round "5.4"]
[White "Barski, Radoslaw"]
[Black "Martynyuk, Elizaveta"]
[Result "1-0"]
[WhiteElo "2468"]
[BlackElo "2125"]
[Annotator "TA"]
[PlyCount "179"]
[EventDate "2019.07.06"]
[EventType "swiss"]
[EventCountry "POL"]
[SourceTitle "playchess.com"]
[Source "ChessBase"]
[SourceQuality "1"]

{[%evp 21,179,12,12,0,0,-11,53,54,58,62,68,71,64,53,91,94,113,81,172,167,171,157,154,149,166,100,109,102,160,131,126,73,81,67,100,29,26,24,24,6,17,12,9,7,2,13,43,36,64,22,55,16,89,1,162,153,150,122,147,74,104,96,123,143,155,155,149,149,251,241,282,227,237,0,291,277,283,277,500,502,491,505,473,439,439,174,174,174,174,174,174,174,174,174,174,174,174,166,200,187,222,167,208,214,222,210,207,213,201,209,237,216,277,257,275,264,458,429,599,599,747,800,669,558,858,635,573,593,650,439,864,814,1376,1437,1253,1206,1136,860,751,584,534,465,438,425,5197,5541,29975,29976,29974,29975,29978,29979,29981,29982,29982,29983,29984,29985,29988,29989]} 1. e4 c5 2. Nf3 e6 3. d4 cxd4 4. Nxd4 Nc6 5. Nc3 Qc7 6. g3 a6 7. Bg2 Nf6 8. O-O Bc5 9. Nxc6 dxc6 10. Na4 Ba7 11. c4 Nd7 12. Qc2 {B47: Sicilian: Taimanov: 5 Nc3 Qc7 6 f4, 6 g3 and 6 Be2} b5 13. Nc3 $146 ({Predecessor:} 13. cxb5 axb5 14. Nc3 Ba6 15. Rd1 O-O 16. Bf4 Ne5 17. a4 Bb6 18. Qb3 Bxf2+ 19. Kh1 b4 20. Qxb4 {½-½ (29) Dunis,A (2412)-Miladinovic,I (2599) France 2004}) 13... e5 (13... O-O $11) 14. cxb5 $14 {White is slightly better.} cxb5 15. Qe2 Nb6 16. Be3 O-O 17. Rac1 {Black must now prevent Nxb5.} Qc4 18. Qh5 Qe6 19. Bc5 Rd8 (19... Re8 $16) 20. Nd5 $1 $18 {[%cal Rd5c7]} Nxd5 21. exd5 Qf5 22. Qh4 {[%cal Rh4d8]} g5 23. Qb4 (23. Qh5 $1 $18 {Be4! is the strong threat.} Qg6 24. Qxg6+ hxg6 25. Be7) 23... Bxc5 $16 24. Rxc5 Bb7 ({Black should play} 24... a5 25. Qc3 (25. Qxb5 Ba6 $15) 25... Bd7) 25. Be4 Qd7 26. Qd2 (26. Qc3 $142 Qd6 27. b4) 26... h6 27. Qd3 b4 28. Rd1 (28. Rfc1 $16) 28... Qd6 $1 $11 {[%cal Rd6c5]} 29. Rc2 Rac8 30. Rcd2 Rc5 31. Qf3 $36 {[%mdl 2048] White has some pressure.} Bc8 32. Rc2 Rxc2 33. Bxc2 g4 (33... Bd7 {with more complications.} 34. Re1 Rc8 35. Bd3 Rc5 36. Qe4 Kf8) 34. Qd3 Kf8 35. Bb3 a5 36. Re1 f5 (36... Bd7 $11 {remains equal.}) 37. Rc1 (37. Qb5 $16) 37... Ke7 $2 (37... Bd7 $11) 38. Qb5 {Strongly threatening Rc6.} Bd7 39. Qxa5 Rc8 40. Re1 ({Better is} 40. Rxc8 {Intending Qd8+ and mate.} Bxc8 41. Qa7+ Bd7 42. Qb7) 40... e4 41. Qa7 Qc5 42. Qa6 Qd6 43. Qe2 Rc5 44. Qd2 Bb5 (44... Rc8 $16 45. Rb1 Kf7) 45. Qd4 $18 Kd7 46. Rd1 Be2 47. Re1 Bb5 48. Kg2 Kc8 49. Qxb4 Rxd5 $2 (49... Bd3 50. a3 Ba6) 50. Rc1+ Kd7 51. Qc3 Rd2 52. Qc8+ Ke7 53. Qxf5 $2 (53. Rc7+ Bd7 54. Ba4) 53... Bc6 54. Kg1 e3 {[#]} 55. Re1 $1 {[%cal Re1e3]} ({Weaker is} 55. fxe3 Rg2+ 56. Kf1 Rxh2 $11) 55... Kd8 {[#]} 56. Qa5+ $1 ({Not} 56. fxe3 Rg2+ 57. Kf1 Rxh2 $17) 56... Qc7 57. Qxc7+ Kxc7 58. Rxe3 ({Much less strong is} 58. fxe3 $6 Rg2+ 59. Kf1 Rxh2 $14) 58... Rxb2 {[%mdl 4096] Endgame ( -> ...Rb1+). KRB-KRB} 59. Re1 Bf3 60. Ra1 Kb6 61. Bc4 Kc5 62. Bf1 Kb4 63. a4 {Hoping for a5.} Ka5 64. Bg2 Be2 65. h3 h5 66. h4 Rd2 67. Bc6 Rc2 68. Re1 Kb4 $2 (68... Ba6 {is a better defense.}) 69. Be8 Kc3 70. Bxh5 Ra2 71. Bf7 Rb2 72. Be8 Ra2 73. Bb5 Bf3 74. h5 {And now h6 would win.} Kd2 75. Rf1 Bd5 (75... Rc2 $142 76. Be8 Rc8) 76. h6 {White threatens h7 and mate.} Rc2 77. h7 Rc8 {[#]} 78. Bd7 $1 {[%mdl 64] Double Attack} Rh8 79. Bxg4 Be4 80. Rd1+ Kc3 81. f3 Bxh7 82. Rc1+ Kd4 (82... Kb4 $142 83. Kf2 Bd3) 83. Rc8 Rg8 84. Rxg8 {White mates.} Bxg8 {KB-KB} 85. Kf2 Bd5 86. a5 {[%cal Ba4a5,Ba5a6][%mdl 32]} Bb7 87. f4 Kc5 88. Be2 Kd4 89. a6 Ba8 90. Bf3 {Accuracy: White = 57%, Black = 32%.} 1-0

[Event "XIX Najdorf Memorial 2019"]
[Site "Warsaw"]
[Date "2019.07.10"]
[Round "5.5"]
[White "Tomczak, Jacek"]
[Black "Menezes, Christoph"]
[Result "1-0"]
[WhiteElo "2623"]
[BlackElo "2413"]
[Annotator "RC"]
[PlyCount "67"]
[EventDate "2019.07.06"]
[EventType "swiss"]
[EventCountry "POL"]
[SourceTitle "playchess.com"]
[Source "ChessBase"]
[SourceQuality "1"]
[TimeControl "40/5400+30:1800+30"]

1. e4 {[%emt 0:00:00]} c5 {[%emt 0:00:00]} 2. Nf3 {[%emt 0:00:00]} d6 {[%emt 0:00:00]} 3. d4 {[%emt 0:00:00]} cxd4 {[%emt 0:00:00]} 4. Nxd4 {[%emt 0:00:01]} Nf6 {[%emt 0:00:04]} 5. Nc3 {[%emt 0:00:08]} a6 {[%emt 0:00:06]} 6. Bg5 {[%emt 0:00:16]} Nbd7 {[%emt 0:00:30]} 7. a4 {[%emt 0:00:21]} Qc7 {[%emt 0:06:11]} 8. a5 {[%emt 0:01:24]} e6 {[%emt 0:02:05]} 9. Be2 {[%emt 0:00:56]} Be7 {[%emt 0:00:47]} 10. Nb3 {[%emt 0:00:17]} O-O {[%emt 0:05:54]} 11. O-O {[%emt 0:00:31]} b5 {[%emt 0:06:52]} 12. axb6 {[%emt 0:01:02]} Nxb6 {[%emt 0:00:24]} 13. Qd4 {[%emt 0:05:38]} e5 {[%emt 0:10:43]} 14. Qe3 {[%emt 0:11:41]} h6 {[%emt 0:03:25]} 15. Bxf6 {[%emt 0:04:02]} Bxf6 {[%emt 0:00:05]} 16. Bd3 {[%emt 0:03:37]} Rd8 {[%emt 0:15:55]} 17. Rfb1 {[%emt 0:37:23]} Bb7 {[%emt 0:13:01]} 18. Na5 {[%emt 0:02:00]} Bc8 {[%emt 0:02:06]} 19. Nb3 {[%emt 0:00:17]} Bb7 {[%emt 0:00:18]} 20. Na5 {[%emt 0:07:58]} Bc8 {[%emt 0:00:20]} 21. Nd5 {[%emt 0:00:43]} Nxd5 {[%emt 0:00:11]} 22. exd5 {[%emt 0:00:03]} Bd7 {[%emt 0:01:55]} 23. Qf3 {[%emt 0:00:18]} Be7 {[%emt 0:04:40]} 24. Bf5 {[%emt 0:02:32]} Be8 {[%emt 0:01:26]} 25. Nc6 {[%emt 0:00:33]} Bxc6 {[%emt 0:07:52]} 26. dxc6 {[%emt 0:00:10]} d5 {[%emt 0:00:11]} 27. Bd7 {[%emt 0:00:17]} d4 {[%emt 0:01:02]} 28. c3 {[%emt 0:02:24]} a5 {[%emt 0:01:30]} 29. cxd4 {[%emt 0:07:20]} exd4 {[%emt 0:00:10]} 30. Qd5 {[%emt 0:00:22]} Bf6 {[%emt 0:03:59]} 31. g3 {[%emt 0:02:49]} Rdb8 {[%emt 0:02:41]} 32. Ra4 {[%emt 0:02:25]} Ra7 {[%emt 0:03:29]} 33. Re1 {[%emt 0:02:53]} g6 {[%emt 0:02:04]} 34. Ra3 {[%emt 0:01:00]} 1-0

[Event "XIX Najdorf Memorial 2019"]
[Site "Warsaw"]
[Date "2019.07.10"]
[Round "5.5"]
[White "Bus, Konrad"]
[Black "Grib, Roman"]
[Result "1/2-1/2"]
[WhiteElo "2264"]
[BlackElo "2421"]
[Annotator "TA"]
[PlyCount "86"]
[EventDate "2019.07.06"]
[EventType "swiss"]
[EventCountry "POL"]
[SourceTitle "playchess.com"]
[Source "ChessBase"]
[SourceQuality "1"]

{[%evp 9,86,22,41,21,77,53,108,46,55,38,39,19,35,35,24,35,35,31,20,20,29,16,2,0,0,0,0,0,0,0,0,0,0,0,0,0,14,-38,-38,-38,-38,-38,-32,-38,-38,-38,-27,-39,-23,-19,-27,-25,-25,-25,0,0,0,0,0,0,0,0,52,47,66,0,0,0,0,-22,-22,-25,-25,-22,-21,-20,-23,-22,0]} 1. d4 Nf6 2. c4 c6 3. Bf4 (3. Nf3 b5 4. c5 d6 5. cxd6 exd6 6. Bf4 Nh5 7. Bg5 Be7 8. Bxe7 Qxe7 9. e3 O-O 10. Be2 Nf6 11. O-O {½-½ (51) Gelfand,B (2655)-Rapport,R (2738) Prague 2019}) 3... g6 4. Nc3 Bg7 5. Nf3 d6 6. Qd2 {A50: Queen's Fianchetto Defence (1 d4 Nf6 2 c4 b6)} h6 (6... Nbd7 $11 {keeps the balance.}) 7. h3 $146 ({Predecessor:} 7. e4 a6 8. a4 g5 9. Bg3 Nh5 10. e5 g4 11. Ng1 Nxg3 12. hxg3 dxe5 13. d5 {0-1 (22) Panczuk,B (1599)-Kardasz,W (1922) Jarnoltowek 2007}) 7... a6 ({Black should try} 7... g5 $14) 8. e3 (8. e4 $16) 8... b5 9. a3 Bb7 10. Be2 bxc4 11. Bxc4 Nbd7 12. O-O O-O 13. e4 d5 14. exd5 cxd5 15. Ba2 g5 16. Be5 Ne4 17. Nxe4 dxe4 18. Bxg7 Kxg7 19. Nxg5 Qb6 20. Nxf7 Rxf7 21. Bxf7 Kxf7 22. Rae1 Nf6 23. Re3 (23. Qxh6 $11 Qxd4 24. Qe3) 23... Rd8 $15 {[%mdl 1024] Black has compensation.} 24. Rg3 Nh5 25. Rg4 Rxd4 26. Qe3 Rd6 27. Rh4 Qxe3 28. fxe3+ Nf6 29. Rxh6 Kg7 30. Rh4 Rd3 31. Rc1 Rxe3 32. Rc7 Bd5 33. Rxe7+ Kg6 $1 34. Rf4 Rb3 35. Re5 {[#] And now h4 would win.} e3 (35... Rxb2 $11 36. Rxf6+ {[%mdl 64] Remove Defender} Kxf6 37. Rxd5 e3) 36. Rb4 {Hoping for Rxb3.} Rd3 {next ...Nd7 is good for Black.} 37. Rb6 ({Better is} 37. Kf1 $1 $14) 37... Rd1+ 38. Kh2 Rd2 39. Kg3 Rxg2+ 40. Kh4 $1 {[#] Strongly threatening Rxd5.} e2 41. Rxa6 Rf2 42. Kg3 $1 {[%cal Rg3f2]} Rf3+ 43. Kh2 $1 Rf2+ {Accuracy: White = 57%, Black = 66%.} 1/2-1/2

[Event "XIX Najdorf Memorial 2019"]
[Site "Warsaw"]
[Date "2019.07.10"]
[Round "5.6"]
[White "Bernadskiy, Vitaliy"]
[Black "Krysztofiak, Marcin"]
[Result "1/2-1/2"]
[WhiteElo "2594"]
[BlackElo "2382"]
[Annotator "TA"]
[PlyCount "108"]
[EventDate "2019.07.06"]
[EventType "swiss"]
[EventCountry "POL"]
[SourceTitle "playchess.com"]
[Source "ChessBase"]
[SourceQuality "1"]

{[%evp 9,108,-32,-24,-36,-29,-47,-33,-98,-100,-97,-83,-97,-91,-127,-116,-141,-132,-110,-108,-104,-106,-203,-186,-180,-170,-153,-151,-139,-20,-20,-7,-8,0,0,0,0,28,27,21,10,16,0,0,0,0,0,0,0,0,0,0,-7,0,0,0,0,0,0,0,0,0,0,0,0,5,6,1,4,8,0,0,0,0,0,0,0,8,8,39,39,39,8,8,8,8,8,8,8,8,8,8,8,8,8,8,8,8,0,0,0,0]} 1. e4 c6 2. d4 d5 3. e5 Bf5 4. Be3 e6 5. g4 (5. Nd2 Ne7 6. f4 Nd7 7. Ngf3 Qb6 8. Nb3 a5 9. a4 f6 10. Be2 Ng6 11. O-O Be7 12. c4 fxe5 13. c5 {1-0 (68) Zvjaginsev,V (2633)-Turov,M (2600) Yaroslavl 2018}) 5... Bg6 6. Ne2 {B12: Caro-Kann: Advance Variation} c5 $146 ({Predecessor:} 6... Be4 7. Rg1 h5 8. Nd2 hxg4 9. Nxe4 dxe4 10. c3 Qa5 11. Ng3 Ne7 12. Nxe4 Nf5 {1-0 (35) Nurkic,S (2403)-Popovic,Z (2056) Neum 2008}) 7. dxc5 Nd7 8. Nd4 (8. h4 $15) 8... Bxc5 $17 9. f4 Ne7 10. Nc3 Nc6 {And now ...Nxd4 would win.} 11. h4 h5 {aiming for ...hxg4.} 12. f5 Bxd4 13. Bxd4 exf5 14. g5 O-O 15. Bg2 (15. Qd2 $17 {might work better.}) 15... Ndxe5 16. O-O Nxd4 17. Qxd4 Nc6 18. Qf2 f4 (18... d4 $17 19. Nd5 Rc8) 19. Nxd5 $11 {[#]} f3 $1 {[%mdl 512]} 20. Bxf3 (20. Qxf3 Qd7) 20... Ne5 21. Bg2 Ng4 22. Qf4 f6 23. gxf6 Nxf6 24. c4 Kh7 25. Qc7 Qxc7 26. Nxc7 Rac8 27. Ne6 Rfe8 28. Ng5+ Kh6 29. b3 b6 30. Bf3 Nh7 31. Nxh7 Bxh7 32. Rad1 Rcd8 33. Rxd8 Rxd8 {[%mdl 4096] Endgame KRB-KRB} 34. Bd5 a5 35. Re1 {Strongly threatening Re6+.} Bf5 36. Re5 g6 37. Kf2 Rf8 38. Kg3 g5 39. Bf3 Rf6 40. c5 bxc5 41. Rxc5 gxh4+ 42. Kxh4 Bg6 43. Bxh5 Rf5 (43... a4 $5) 44. Rxf5 Bxf5 $14 {KB-KB} 45. a3 Bc2 {The position is equal.} 46. b4 axb4 47. axb4 Ba4 48. Be2 Kg6 49. Kg4 Kf6 50. Kf4 Ke6 51. Ke4 Kd6 52. Kd4 Kc6 53. b5+ Bxb5 54. Bxb5+ Kxb5 {Accuracy: White = 46%, Black = 74%.} 1/2-1/2

[Event "XIX Najdorf Memorial 2019"]
[Site "Warsaw"]
[Date "2019.07.10"]
[Round "5.6"]
[White "Czopor, Maciej"]
[Black "Roseneck, Jonas"]
[Result "0-1"]
[WhiteElo "2250"]
[BlackElo "2398"]
[Annotator "NA"]
[PlyCount "108"]
[EventDate "2019.07.06"]
[EventType "swiss"]
[EventCountry "POL"]
[SourceTitle "playchess.com"]
[Source "ChessBase"]
[SourceQuality "1"]
[TimeControl "40/5400+30:1800+30"]

1. e4 {[%emt 0:00:00]} c5 {[%emt 0:00:00]} 2. Nf3 {[%emt 0:00:00]} d6 {[%emt 0:00:00]} 3. d4 {[%emt 0:00:00]} cxd4 {[%emt 0:00:00]} 4. Nxd4 {[%emt 0:00:00]} Nf6 {[%emt 0:00:00]} 5. Nc3 {[%emt 0:00:00]} a6 {[%emt 0:00:00]} 6. Be3 {[%emt 0:00:15]} e5 {[%emt 0:00:00]} 7. Nb3 {[%emt 0:00:14]} Be6 {[%emt 0:00:02]} 8. Qd2 {[%emt 0:01:36]} Nbd7 {[%emt 0:00:16]} 9. f3 {[%emt 0:00:30]} h5 {[%emt 0:00:04]} 10. Nd5 {[%emt 0:04:09]} Bxd5 {[%emt 0:00:26]} 11. exd5 {[%emt 0:00:09]} g6 {[%emt 0:00:02]} 12. Be2 {[%emt 0:01:04]} Bg7 {[%emt 0:00:14]} 13. O-O {[%emt 0:00:44]} b6 {[%emt 0:00:07]} 14. a4 {[%emt 0:03:36]} Qc7 {[%emt 0:14:11]} 15. a5 {[%emt 0:24:15]} b5 {[%emt 0:01:26]} 16. Rfd1 {[%emt 0:12:06]} O-O {[%emt 0:05:48]} 17. Rac1 {[%emt 0:01:07]} Qb7 {[%emt 0:06:14]} 18. Na1 {[%emt 0:14:12]} Rac8 {[%emt 0:09:46]} 19. h3 {[%emt 0:03:58]} Rfe8 {[%emt 0:11:15]} 20. c4 {[%emt 0:10:47]} bxc4 {[%emt 0:05:43]} 21. Bxc4 {[%emt 0:03:51]} e4 {[%emt 0:00:17]} 22. f4 {[%emt 0:00:59]} Nc5 {[%emt 0:00:07]} 23. Nc2 {[%emt 0:14:40]} Nd3 {[%emt 0:10:44]} 24. Bxd3 {[%emt 0:00:13]} exd3 {[%emt 0:00:02]} 25. Qxd3 {[%emt 0:00:18]} Qxb2 {[%emt 0:08:33]} 26. Bd4 {[%emt 0:00:12]} Qb7 {[%emt 0:04:31]} 27. Bxf6 {[%emt 0:04:03]} Bxf6 {[%emt 0:00:25]} 28. Rb1 {[%emt 0:00:29]} Qc7 {[%emt 0:01:07]} 29. Nb4 {[%emt 0:00:25]} Qxa5 {[%emt 0:02:18]} 30. Nc6 {[%emt 0:00:36]} Qc5+ {[%emt 0:02:21]} 31. Kh1 {[%emt 0:00:05]} Ra8 {[%emt 0:03:08]} 32. f5 {[%emt 0:00:14]} Re3 {[%emt 0:02:52]} 33. Qf1 {[%emt 0:01:07]} g5 {[%emt 0:00:05]} 34. Qg1 {[%emt 0:00:34]} Rae8 {[%emt 0:01:45]} 35. Rbc1 {[%emt 0:00:28]} Qa3 {[%emt 0:00:09]} 36. Re1 {[%emt 0:00:28]} Kg7 {[%emt 0:00:33]} 37. Rxe3 {[%emt 0:00:18]} Rxe3 {[%emt 0:00:02]} 38. Qd1 {[%emt 0:00:46]} Rd3 {[%emt 0:01:16]} 39. Qf1 {[%emt 0:00:30]} Rxd5 {[%emt 0:00:11]} 40. Rb1 {[%emt 0:00:00]} a5 {[%emt 0:00:00]} 41. Qe2 {[%emt 0:06:37]} Qc3 {[%emt 0:07:29]} 42. Qe8 {[%emt 0:01:06]} Rxf5 {[%emt 0:03:16]} 43. Rb8 {[%emt 0:00:55]} Rf1+ {[%emt 0:00:05]} 44. Kh2 {[%emt 0:00:04]} Be5+ {[%emt 0:00:06]} 45. Nxe5 {[%emt 0:00:08]} Qxe5+ {[%emt 0:00:05]} 46. Qxe5+ {[%emt 0:00:07]} dxe5 {[%emt 0:00:04]} 47. Rb5 {[%emt 0:00:05]} Kf6 {[%emt 0:02:16]} 48. Rxa5 {[%emt 0:00:06]} Kf5 {[%emt 0:00:06]} 49. Rb5 {[%emt 0:00:11]} h4 {[%emt 0:00:42]} 50. Rc5 {[%emt 0:00:30]} Kf4 {[%emt 0:00:07]} 51. Rc4+ {[%emt 0:00:20]} e4 {[%emt 0:00:01]} 52. Ra4 {[%emt 0:00:06]} f5 {[%emt 0:00:19]} 53. Ra8 {[%emt 0:00:38]} Rd1 {[%emt 0:00:37]} 54. Rb8 {[%emt 0:00:15]} Rd4 {[%emt 0:00:33]} 0-1

[Event "XIX Najdorf Memorial 2019"]
[Site "Warsaw"]
[Date "2019.07.10"]
[Round "5.7"]
[White "Romanishin, Oleg M"]
[Black "Sedlak, Nikola"]
[Result "1/2-1/2"]
[WhiteElo "2443"]
[BlackElo "2586"]
[Annotator "ChessBase"]
[PlyCount "40"]
[EventDate "2019.07.06"]
[EventType "swiss"]
[EventCountry "POL"]
[SourceTitle "playchess.com"]
[Source "ChessBase"]
[SourceQuality "1"]
[TimeControl "40/5400+30:1800+30"]

1. d4 {[%emt 0:00:14]} e6 {[%emt 0:02:56]} 2. Nf3 {[%emt 0:00:20]} f5 {[%emt 0:03:38]} 3. g3 {[%emt 0:00:19]} Nf6 {[%emt 0:00:13]} 4. Bg2 {[%emt 0:00:06]} d5 {[%emt 0:00:17]} 5. Bf4 {[%emt 0:00:07]} Be7 {[%emt 0:01:11]} 6. O-O {[%emt 0:00:15]} Ne4 {[%emt 0:01:18]} 7. c4 {[%emt 0:02:32]} c6 {[%emt 0:00:24]} 8. Nbd2 {[%emt 0:01:41]} Nd7 {[%emt 0:03:51]} 9. Ne5 {[%emt 0:09:03]} O-O {[%emt 0:01:50]} 10. Rc1 {[%emt 0:02:25]} Nxe5 {[%emt 0:01:32]} 11. Bxe5 {[%emt 0:01:32]} Nd6 {[%emt 0:00:08]} 12. Bxd6 {[%emt 0:07:41]} Bxd6 {[%emt 0:00:38]} 13. e3 {[%emt 0:00:07]} Bd7 {[%emt 0:07:38]} 14. Qb3 {[%emt 0:08:01]} Qb6 {[%emt 0:01:50]} 15. Qc2 {[%emt 0:00:48]} Qd8 {[%emt 0:01:20]} 16. Qb3 {[%emt 0:00:21]} Qb8 {[%emt 0:02:00]} 17. Nf3 {[%emt 0:03:11]} b5 {[%emt 0:07:58]} 18. c5 {[%emt 0:11:39]} Bc7 {[%emt 0:00:10]} 19. Ne1 {[%emt 0:01:06]} g5 {[%emt 0:00:57]} 20. f4 {[%emt 0:08:38]} h6 {[%emt 0:03:03]} 1/2-1/2

[Event "XIX Najdorf Memorial 2019"]
[Site "Warsaw"]
[Date "2019.07.10"]
[Round "5.7"]
[White "Oglaza, Oskar"]
[Black "Pacan-Milej, Kosma"]
[Result "1-0"]
[WhiteElo "2345"]
[BlackElo "2272"]
[Annotator "TA"]
[PlyCount "89"]
[EventDate "2019.07.06"]
[EventType "swiss"]
[EventCountry "POL"]
[SourceTitle "playchess.com"]
[Source "ChessBase"]
[SourceQuality "1"]

{[%evp 12,89,23,12,22,26,40,27,40,32,40,41,45,38,33,30,60,56,43,45,73,72,79,75,77,56,44,7,53,22,47,29,55,55,62,63,68,68,54,46,51,-36,-10,-24,-25,-25,-10,-7,0,-46,37,43,46,52,218,78,587,563,658,652,635,647,1288,1277,1662,0,1663,1612,1597,1558,1443,1373,29984,29985,29995,29996,29996,29997,29998,29995]} 1. e4 c5 2. Nf3 d6 3. Bb5+ Nd7 4. c3 Ngf6 5. Qe2 a6 6. Ba4 b5 7. Bc2 Bb7 {B51: Sicilian: Moscow Variation (3 Bb5+) without 3...Bd7} 8. d4 e5 $146 (8... g6 9. O-O Bg7 10. e5 dxe5 11. dxe5 Bxf3 12. gxf3 Nd5 13. e6 N7f6 14. c4 bxc4 15. exf7+ Kxf7 {0-1 (31) Mamedov,R (2701)-Nepomniachtchi,I (2771) Astana 2019}) 9. O-O Be7 {White has an edge.} 10. Rd1 Qc7 11. d5 Nb6 12. b3 c4 13. Nfd2 cxb3 14. axb3 O-O 15. Nf1 Ne8 16. Ng3 g6 17. Bh6 Ng7 18. Rd3 Bc8 19. Nd2 Qd8 20. Qe3 Nd7 21. b4 Nf6 {...Ng4 is the strong threat.} 22. h3 Kh8 23. c4 bxc4 24. Nxc4 Ng8 25. Bxg7+ Kxg7 26. f4 (26. Qe2 $14) 26... Qc7 27. Bb3 {Hoping for fxe5.} exf4 28. Qxf4 Rb8 29. Qd2 $132 {[%mdl 2048] White is not keeping still} Qb7 30. e5 dxe5 ({Better is} 30... Qxb4 $15 31. Qe3 (31. exd6 Qxd2 32. Rxd2 Bh4 $15) 31... dxe5) 31. d6 $14 Bf6 {Strongly threatening ...e4.} 32. d7 {[%mdl 1024] White has compensation.} Qa7+ $2 (32... e4 $14 33. d8=Q (33. dxc8=R Rfxc8 34. Rd7 Qxb4 $15 {[%mdl 64] Double Attack}) 33... Rxd8 34. Rxd8 Qc7 35. Rxg8+ Kxg8) 33. Kh1 (33. Kh2 $18 {and the rest is easy.} Bb7 34. Re1) 33... Bb7 $2 {[%mdl 8192]} (33... e4 $16 {keeps fishing.} 34. dxc8=N (34. dxc8=R Rbxc8 35. Rd7 Qb8 $16) 34... Rbxc8) 34. Rf1 $18 Rbd8 {[#]} 35. Nh5+ $1 {[%mdl 512]} gxh5 {[#]} 36. Rxf6 $1 {[%mdl 512]} Kxf6 37. Rg3 {Threatening mate with Qd6+.} Qd4 38. Qg5+ {[%mdl 64] Double Attack} Ke6 39. Nxe5+ $1 Bd5 {[#]} 40. Nc6 $1 {[%mdl 576] Double Attack} Qa1+ {[#]} 41. Kh2 $1 {[%mdl 512]} Bxb3 42. Nxd8+ {White mates.} Kxd7 43. Rd3+ Ke8 44. Nc6 {[%csl Gc6,Gd3][%cal Rg5d8]} f6 {[#]} 45. Qxh5+ {Played: Qg5-g7} 1-0